Culture Générale - Série 1750 - Statistiques

Statistiques générales
  • Ce quiz a été pris 139 fois
  • Le résultat moyen est 6 sur 10
Statistiques - réponses
Question Réponse % Correct
Sous quel nom Vladimir Ilitch Oulianov est-il mieux connu ? Lénine
91%
À l'issue de quelle bataille Napoléon Bonaparte fut-il vaincu en 1815 ? Waterloo
90%
À quel pays appartenait autrefois la région de l'Acadie, située en Amérique du Nord ? France
81%
Quelle était l'ancienne capitale du Japon ? Kyoto
77%
Selon les récits de la légende arthurienne, comment s'appelait l'épouse du roi Arthur ? Guenièvre
73%
À Lyon, comment étaient appelés les ouvriers de la soie du quartier de la Croix-Rousse ? canuts
58%
Sous quel nom la favorite de Louis XV, Jeanne Antoinette Poisson, est-elle mieux connue ? marquise de Pompadour
58%
Dans quel pays se trouve la chaîne de montagnes "Serra da Estrela" ? Portugal
53%
Qui a écrit "La guerre des boutons" en 1912 ? Louis Pergaud
23%
Le village de Vaux en Beaujolais inspira un célèbre roman de Gabriel Chevallier, en 1934. Quel est le titre de ce roman ( indice : pissotière) ? Clochemerle
13%
Aucun quiz correspondant
Distribution des résultats
% des personnes avec chaque résultat
Percentile par nombre de réponses
Votre historique - résultats
Vous n’avez pas pris ce quiz